Baby animals / (Record no. 7026)

MARC details
000 -LEADER
fixed length control field 01004nam a22002537a 4500
001 - CONTROL NUMBER
control field 7026
003 - CONTROL NUMBER IDENTIFIER
control field FISKH
005 - DATE AND TIME OF LATEST TRANSACTION
control field 20250619091701.0
008 - FIXED-LENGTH DATA ELEMENTS--GENERAL INFORMATION
fixed length control field 250619b cb ||||| |||| 00| 0 eng d
040 ## - CATALOGING SOURCE
Original cataloging agency FISKH
Language of cataloging eng
Transcribing agency FISKH
Modifying agency FISKH
050 ## - LIBRARY OF CONGRESS CALL NUMBER
Classification number PZ7
082 ## - DEWEY DECIMAL CLASSIFICATION NUMBER
Classification number 599.7
100 ## - MAIN ENTRY--PERSONAL NAME
Personal name Cac
245 ## - TITLE STATEMENT
Title Baby animals /
Statement of responsibility, etc. By Cac
260 ## - PUBLICATION, DISTRIBUTION, ETC.
Place of publication, distribution, etc. Wisconsin :
Name of publisher, distributor, etc. Golden Press,
Date of publication, distribution, etc. 1978.
300 ## - PHYSICAL DESCRIPTION
Extent 10 unnumbered pages :
Other physical details color illustrations ;
Dimensions 18 cm
505 ## - FORMATTED CONTENTS NOTE
Formatted contents note E<br/>
520 ## - SUMMARY, ETC.
Summary, etc. This book features a collection of adorable baby animals—bear cubs, kittens, ducklings, lion cubs, and more—each accompanied by a simple sentence or two highlighting their behavior or characteristics. The focus is on introducing young children to animal names and basic traits through Williams’s warm, realistic illustrations <br/>
521 8# - TARGET AUDIENCE NOTE
Target audience note 200<br/>
Source Lexile estimate <br/>
521 8# - TARGET AUDIENCE NOTE
Target audience note E<br/>
Source Raz-Plus<br/>
650 ## - SUBJECT ADDED ENTRY--TOPICAL TERM
Topical term or geographic name entry element Animal Life
Form subdivision Early Literacy
General subdivision Picture Book
Chronological subdivision Nature
942 ## - ADDED ENTRY ELEMENTS (KOHA)
Source of classification or shelving scheme Dewey Decimal Classification
Koha item type Books
Suppress in OPAC No
Holdings
Withdrawn status Lost status Source of classification or shelving scheme Damaged status Not for loan Collection Home library Current library Shelving location Date acquired Total Checkouts Full call number Barcode Date last seen Copy number Price effective from Koha item type
    Dewey Decimal Classification     Non-Fiction Footprints International School Library Network Toul Kork Campus Footprints International School Library Network Toul Kork Campus TK Primary Library Room(4th Floor), Bookcase 7, Shelves 57-60, Dark Green Books 06/19/2025   CAC 599.7 PZ7 FISBK07024 06/19/2025 1 06/19/2025 Books